| 000 | 02394 a2200241 4500 | ||
|---|---|---|---|
| 001 | 44886 | ||
| 005 | 20260407155723.0 | ||
| 008 | 260407a2016 arg spa d | ||
| 003 | AR-UNSa-BCEJYS | ||
| 040 |
_aAR-UNSa-BCEJYS _bspa _cAR-UNSa-BCEJYS |
||
| 080 |
_a331.101.26 _xEconomía del trabajo |
||
| 245 | 1 | 0 |
_aCaminos al trabajo _pel mundo laboral de los jóvenes durante la última etapa del gobierno kirchnerista |
| 020 | _a978-84-16467-43-3 | ||
| 264 | 1 |
_aBuenos Aires : _bCONICET _c2016 |
|
| 300 |
_a202 p. _c23 cm. |
||
| 505 | _a1. Más y mejor empleo, más y mayores desigualdades intergeneracionales. Un análisis de la dinámica general del empleo joven en la posconvertibilidad / Camila Deleo y Mariana Fernández Massi – 2. Jóvenes, trabajo y desigualdades de género en Argentina (2003- 2014) / Pablo Pérez – 3. Estrategias de búsqueda de empleo y trayectorias laborales de jóvenes argentinos / Camila Deleo y Pablo Pérez – 4. La precariedad laboral en el ingreso al mundo del trabajo y sus dispositivos de reproducción y profundización de desigualdades sociales / Mariana Busso – 5. “Volver a la escuela”. Disposiciones educativas de jóvenes estudiantes del Plan FinEs2 en un barrio popular del gran La Plata / Federico Martín González – 6. Definir la juventud a la luz de los momentos de decisiones y de los métodos longitudinales / María Eugenia Longo – 7. Saberes laborales y disposiciones sociales. Capital cultural y estrategias de inserción laboral entre jóvenes varones de clases populares de Gran Córdoba / Gonzalo Assusa – 8. Sentidos comunes detrás de políticas estatales destinadas a jóvenes en la etapa Kirchnerista. Un análisis discursivo del programa Jóvenes con Más y Mejor Trabajo y el nuevo sistema de pasantías / Marina Adamini y Brenda Brown – 9. Ni héroes ni apáticos. Elementos para pensar la participación de los jóvenes en las organizaciones sindicales / Anabel Beliera y Julieta Longo – 10. Jóvenes militantes del sindicalismo peronista en La Plata: entre la familia, la escuela, el trabajo y los momentos históricos / Mariana Chaves y Carlos Galimberti | ||
| 041 | _aspa | ||
| 942 | _cBK | ||
| 590 | _aniveau_biblio:m niveau_hierar:0 | ||
| 100 | 1 | _aBusso, Mariana | |
| 700 | 1 | _aPérez, Pablo | |
| 856 | 4 | 1 |
_uhttps://www.biblioeco.unsa.edu.ar/pmb/images/libros/L127017.jpg _yImagen de portada _qimage/jpeg |
| 999 |
_c3835 _d3835 |
||